[Event "FSGM February"]
[Site "Budapest HUN"]
[Date "2006.02.10"]
[Round "7"]
[White "Bellia,F"]
[Black "Vajda,L"]
[Result "1/2-1/2"]
[WhiteElo "2390"]
[BlackElo "2526"]

1.e4 g6 2.d4 Bg7 3.Nc3 d6 4.f4 Nf6 5.Nf3 O-O 6.Bd3 Na6 7.O-O c5 8.d5 Rb8
9.a4 Nb4 10.Bc4 e6 11.dxe6 Bxe6 12.Bxe6 fxe6 13.Qe2 d5 14.e5 Ne8 15.g3 Rc8
16.Na2 Nc6 17.c3 Na5 18.b4 Nc4 19.Be3 Nxe3 20.Qxe3 Rf7 21.Ng5 Re7 22.Rfd1 cxb4
23.cxb4 Bh6 24.Nf3 Bf8 25.Rac1 a5 26.Rxc8 Qxc8 27.bxa5 Rc7 28.Qb3 Ng7 29.Rd3 Nf5
30.Nc3 Rc4 31.Nb5 Qc5+ 32.Kf1 Re4 33.Rc3 Ne3+ 34.Kg1 Nc4+ 35.Kf1 Ne3+ 36.Kg1 Nc4+
37.Kf1  1/2-1/2

[Event "FSGM February"]
[Site "Budapest HUN"]
[Date "2006.02.11"]
[Round "8"]
[White "Nemeth,Mi1"]
[Black "Paschall,W"]
[Result "1-0"]
[WhiteElo "2378"]
[BlackElo "2368"]

1.e4 g6 2.d4 Bg7 3.Nc3 d6 4.Be3 a6 5.a4 b6 6.g3 Bb7 7.Bg2 Nd7 8.Nge2 Ngf6
9.h3 e5 10.O-O O-O 11.g4 Re8 12.Ng3 exd4 13.Bxd4 Nc5 14.g5 Nfd7 15.Bxg7 Kxg7
16.f4 h6 17.gxh6+ Kxh6 18.b4 Ne6 19.Nce2 Ng7 20.f5 Ne5 21.f6 Ne6 22.Nd4 Nxd4
23.Qxd4 Kh7 24.Rf4 Rh8 25.Rd1 Kg8 26.Qc3 Bc6 27.a5 bxa5 28.bxa5 Bd7 29.Nf5 Qb8
30.Qe1 Qa7+ 31.Kh1 Bxf5 32.exf5 g5 33.Qg3 Rh5 34.Rh4 Rxh4 35.Qxg5+  1-0

[Event "TCh-HUN 2005-6"]
[Site "Hungary HUN"]
[Date "2006.02.12"]
[Round "7"]
[White "Racz,Z"]
[Black "Horvath,Cs1"]
[Result "1-0"]
[WhiteElo "2329"]
[BlackElo "2545"]

1.e4 g6 2.d4 Bg7 3.Nc3 d6 4.Be3 a6 5.f4 b5 6.e5 Bb7 7.Nf3 Nd7 8.Bd3 c5 9.e6 fxe6
10.Ng5 Bxd4 11.Nxe6 Qb6 12.Nxd4 cxd4 13.Bxd4 Qxd4 14.Bxg6+ hxg6 15.Qxd4 Ngf6
16.O-O-O Rc8 17.Rhe1 Kf7 18.g4 Rxh2 19.g5 Rc4 20.Qd3 Ne8 21.Qe3 Be4 22.Rd2 Rxd2
23.Kxd2 d5 24.Nxd5 Rxc2+ 25.Kd1 Rc4 26.b3 Bc2+ 27.Kd2 Re4 28.Qa7 Rxe1 29.Kxe1 Bf5
30.Qxa6 Nd6 31.Qa5 Be4 32.Nc3 Bd3 33.Kd2 Bf1 34.Qa8 b4 35.Na4 Bb5 36.Nb2 Nb6
37.Qh1 Ke6 38.Nd3 Bxd3 39.Kxd3 Nd5 40.Qe1+ Kf7 41.Qe5 Nc3 42.a4  1-0

[Event "ch-UKR b-20"]
[Site "Lviv UKR"]
[Date "2006.02.12"]
[Round "11"]
[White "Yaremko,N"]
[Black "Sysoenko,A"]
[Result "1-0"]
[WhiteElo "2246"]
[BlackElo "2214"]

1.e4 g6 2.d4 Bg7 3.Nc3 d6 4.f4 Nf6 5.Nf3 O-O 6.Be3 Ng4 7.Bg1 e5 8.dxe5 Nc6
9.h3 Nh6 10.Bb5 f5 11.Qd5+ Kh8 12.O-O-O fxe4 13.Qxe4 Nf7 14.Bxc6 bxc6 15.Qxc6 Rb8
16.Bxa7 Bb7 17.Qc4 Ra8 18.Bd4 Bxf3 19.gxf3 Qh4 20.exd6 Qxf4+ 21.Kb1 Ne5 22.Qxc7 Rab8
23.Rhe1 Rfc8 24.Qxg7+ Kxg7 25.Bxe5+  1-0

[Event "22nd Open"]
[Site "Cappelle la Grande FRA"]
[Date "2006.02.20"]
[Round "4"]
[White "Chernyshov,K"]
[Black "Onkoud,A"]
[Result "1/2-1/2"]
[WhiteElo "2539"]
[BlackElo "2391"]

1.d4 g6 2.e4 Bg7 3.Nc3 d6 4.Be3 c6 5.Qd2 b5 6.a4 b4 7.Nce2 a5 8.f3 Nd7 9.g4 d5
10.e5 e6 11.f4 h5 12.f5 hxg4 13.fxe6 fxe6 14.Bg5 Bh6 15.Bxd8 Bxd2+ 16.Kxd2 Kxd8
17.Nf4 Nf8 18.Bd3 Ne7 19.Nge2 Nf5 20.Rag1 g5 21.Ng2 Rh3 22.Ne1 Rh4 23.Ng2 Rh3
24.Ne1 Rh4 25.h3 Rxh3 26.Rxh3 gxh3 27.Rxg5 Ra7 28.Nf3 Rh7 29.Rg1 h2 30.Rh1 Rh3
31.Bxf5 exf5 32.Ke3 c5 33.Rxh2 cxd4+ 34.Nxd4 f4+ 35.Kxf4 Ng6+ 36.Kg5 Rxh2
37.Nc6+ Kc7 38.Nxh2 Kxc6 39.Kxg6 d4 40.Kf6 Kd5 41.Nf3 Bg4 42.Ne1 Kc4 43.e6 b3
44.e7 Bd7 45.cxb3+ Kxb3 46.Nd3 Be8 47.Ke5 Kxa4 48.Nc5+ Kb4 49.Kxd4 a4 50.Kd5 Bf7+
51.Kc6 Bh5 52.Kb6 Bg6 53.Nd3+ Kb3 54.Ka5 Be8 55.Nc5+ Kxb2 56.Nxa4+ Kb3 57.Nb6 Kc3
58.Nc8 Kd4 59.Kb6 Ke5 60.Kc7 Ke6 61.Kd8 Bh5 62.Na7 Kd6 63.Nb5+ Kc6 64.Nd4+ Kd6
65.Nf5+ Kc6 66.Ng7 Bf7 67.Ne6 Bh5 68.Nd4+ Kd6 69.Nf5+ Kc6 70.Kc8 Bf7 71.Ne3 Kd6
72.Kd8 Bh5 73.Nc2 Ke6 74.Na3 Kd6 75.Nb5+ Kc6 76.Nc7 Kd6 77.Ne8+ Kc6 78.Ng7 Bf7
79.Ne6 Kd6 80.Ng5 Bh5 81.Nh3 Kc6 82.Nf4 Bf7 83.Ne2 Kd6 84.Nc1 Bh5 85.Nd3 Bf7
86.Nb2 Bh5 87.Na4 Kc6 88.Nc3 Kd6 89.Ne2 Kc6 90.Ng3 Bf7 91.Nf5 Bh5 92.Nd4+ Kd6
93.Ne2 Kc6 94.Ng3 Bf7 95.Ne4 Bh5 96.Nf6 Bf7 97.Ng4 Bh5 98.Ne3 Kd6 99.Nc2 Kc6
100.Nb4+ Kd6 101.Na6 Kc6 102.Nb8+ Kd6 103.Nd7 Kc6 104.Nf6 Bf7 105.Ne4 Bh5
106.Nd2 Bf7 107.Nf3  1/2-1/2

[Event "ch-LAT"]
[Site "Riga LAT"]
[Date "2006.03.01"]
[Round "3"]
[White "Sveshnikov,V"]
[Black "Luckans,A"]
[Result "0-1"]
[WhiteElo "2273"]
[BlackElo "2467"]

1.e4 g6 2.d4 Bg7 3.Nc3 d6 4.f4 Nf6 5.Nf3 O-O 6.Bd3 Nc6 7.e5 dxe5 8.fxe5 Nh5
9.Be3 Bg4 10.Be2 f6 11.exf6 Bxf6 12.O-O Ng7 13.d5 Bxf3 14.Bxf3 Ne5 15.Be2 Nf5
16.Bf2 Nd6 17.Bd4 Qd7 18.Rb1 Rad8 19.Bxe5 Bxe5 20.Rxf8+ Rxf8 21.Bg4 Nf5 22.g3 Bxc3
23.bxc3 Qd6 24.Qd3 Qc5+ 25.Kg2 Ne3+ 26.Kh3 Nxg4 27.Kxg4 Qf2 28.Kh3 Rf5 29.Rxb7 Rh5+
30.Kg4 Qxh2 31.Rb8+ Kf7 32.Qe4 Qh3+ 33.Kf3 Rf5+ 34.Ke2 Qh2+ 35.Kd3 Qxg3+
36.Kd2 Re5 37.Qh1 Qg5+ 38.Kd3 Rxd5+ 39.Kc4 Rc5+ 40.Kb4 a5+ 41.Ka4 Qf4+ 42.Ka3 Kg7
43.Kb2 Qe3 44.Qg2 Qxc3+ 45.Kb1 Re5  0-1

[Event "1st ONGC Cup"]
[Site "Hyderabad IND"]
[Date "2006.03.02"]
[Round "7"]
[White "Gopal,G"]
[Black "Murshed,N"]
[Result "0-1"]
[WhiteElo "2353"]
[BlackElo "2460"]

1.e4 g6 2.d4 Bg7 3.Nc3 d6 4.Be3 c6 5.Qd2 b5 6.Bd3 Nd7 7.Nf3 Bb7 8.O-O a6
9.Ne2 c5 10.c3 Ngf6 11.Ng3 Ng4 12.Bf4 e5 13.dxe5 dxe5 14.Bg5 f6 15.Bh4 c4
16.Bc2 Nc5 17.Qe2 Qc7 18.Rfd1 O-O 19.Nf1 Nh6 20.h3 Nf7 21.Ne3 Nxe4 22.Nd5 Bxd5
23.Rxd5 Nc5 24.Rad1 Rad8 25.Qe3 Rxd5 26.Rxd5 Ne6 27.Bg3 Rd8 28.Qd2 Nc5 29.Ne1 f5
30.b4 Nd3 31.Rxd8+ Qxd8 32.Nf3 e4 33.Nd4 Nxb4  0-1

[Event "ch-LAT"]
[Site "Riga LAT"]
[Date "2006.03.03"]
[Round "5"]
[White "Starostits,I"]
[Black "Luckans,A"]
[Result "1/2-1/2"]
[WhiteElo "2493"]
[BlackElo "2467"]

1.e4 d6 2.d4 g6 3.Nc3 Bg7 4.Be3 c6 5.f4 Qb6 6.Qd2 Qxb2 7.Rb1 Qa3 8.Nf3 Qa5
9.Bc4 Nf6 10.e5 Ng4 11.O-O O-O 12.Kh1 Nxe3 13.Qxe3 d5 14.Bb3 Qd8 15.Rbe1 Na6  1/2-1/2

[Event "Breizh Masters"]
[Site "Guingamp FRA"]
[Date "2006.03.04"]
[Round "9"]
[White "Dourerassou,J"]
[Black "Bogdan,D"]
[Result "1-0"]
[WhiteElo "2354"]
[BlackElo "2441"]

1.e4 g6 2.d4 Bg7 3.Nc3 d6 4.f4 a6 5.Nf3 b5 6.Bd3 Nd7 7.e5 e6 8.Qe2 b4 9.Ne4 d5
10.Nc5 Nxc5 11.dxc5 Ne7 12.Nd4 Bb7 13.Bd2 Nc6 14.Nxc6 Bxc6 15.Bxb4 a5 16.Bd2 O-O
17.O-O Qd7 18.a3 a4 19.b4 axb3 20.cxb3 f6 21.Bc3 d4 22.exf6 Rxf6 23.Bd2 Bd5
24.b4 Rff8 25.b5 e5 26.c6 Qe6 27.fxe5 Rfe8 28.Bb4 Bh6 29.Kh1 Be3 30.Rf6 Qxe5
31.Raf1 Kg7 32.Qg4 Bg5 33.R6f5 gxf5 34.Qxg5+ Kh8 35.Rxf5 Qg7 36.Qxg7+ Kxg7
37.Rxd5 Rxa3 38.Bf1 Ra1 39.Kg1 Rb1 40.Rxd4 Re5 41.Bc3 Rexb5 42.Rb4+  1-0

[Event "ch-LAT"]
[Site "Riga LAT"]
[Date "2006.03.05"]
[Round "7"]
[White "Krustkalns,K"]
[Black "Kengis,E"]
[Result "1/2-1/2"]
[WhiteElo "2223"]
[BlackElo "2531"]

1.e4 g6 2.d4 Bg7 3.Nc3 d6 4.Bg5 c6 5.Qd2 h6 6.Be3 b5 7.a3 Nd7 8.f4 Ngf6 9.Nf3 Nb6
10.b3 Bg4 11.Be2 d5 12.exd5 Nbxd5 13.Nxd5 Nxd5 14.Ne5 Bxe2 15.Qxe2 Rc8 16.O-O e6
17.c4 Nxe3 18.Qxe3 O-O 19.Rfd1 bxc4 20.bxc4 Qc7 21.Rab1 Rfd8 22.Qe4 Rd6 23.h3 Rcd8
24.Kh1 Qc8 25.Rb3 Qc7 26.Kh2 h5 27.a4 h4 28.a5 Qxa5 29.Rb7 Bxe5 30.fxe5 R6d7
31.Rxd7 Rxd7 32.Qxh4  1/2-1/2

[Event "FSGM March"]
[Site "Budapest HUN"]
[Date "2006.03.06"]
[Round "3"]
[White "Sendur,A"]
[Black "Vajda,L"]
[Result "0-1"]
[WhiteElo "2411"]
[BlackElo "2526"]

1.e4 g6 2.d4 Bg7 3.Nc3 d6 4.Be3 c6 5.Qd2 b5 6.a4 b4 7.Nd1 a5 8.c3 bxc3 9.bxc3 Nf6
10.f3 O-O 11.Bd3 Nbd7 12.Ne2 e5 13.Nf2 d5 14.O-O Re8 15.Rfb1 Ba6 16.Bxa6 Rxa6
17.Qd3 Ra8 18.Bg5 Qc7 19.Bxf6 Nxf6 20.Ra2 c5 21.dxc5 dxe4 22.Nxe4 Nxe4 23.fxe4 Qxc5+
24.Kh1 Red8 25.Qb5 Qe3 26.Ng3 h5 27.Qe2 Qxc3 28.Nf1 Qd3 29.Qxd3 Rxd3 30.Kg1 Rd4
31.Rb5 Rxe4 32.Nd2 Rb4 33.Rxb4 axb4 34.a5 Bh6 35.Nb3 Rc8 36.Ra4 Be3+ 37.Kh1 h4
38.h3 Rc4 39.a6 Ba7 40.g4 hxg3 41.Kg2 Rc2+  0-1

[Event "XXII Open"]
[Site "Reykjavik ISL"]
[Date "2006.03.06"]
[Round "1"]
[White "Halldorsson,H"]
[Black "Hillarp Persson,T"]
[Result "0-1"]
[WhiteElo "2226"]
[BlackElo "2548"]

1.e4 g6 2.d4 Bg7 3.Nc3 d6 4.g3 Nd7 5.Bg2 Ngf6 6.Nge2 c5 7.O-O O-O 8.h3 Rb8
9.a4 b6 10.Bg5 a6 11.Qd3 h6 12.Be3 Bb7 13.Qd2 Kh7 14.g4 cxd4 15.Bxd4 b5 16.axb5 axb5
17.Ng3 b4 18.Nce2 Bc6 19.Ra7 Nb6 20.Qxb4 e5 21.Bxb6 Rxb6 22.Qa3 Qb8 23.Ra6 Rxa6
24.Qxa6 Rc8 25.Rd1 Bf8 26.Nc3 Bd7 27.Qa3 Kg7 28.Rd2 d5 29.Qa6 d4 30.Nd1 Bb5
31.Qa1 Rc7 32.Qb1 Ba4 33.Ne2 Bb4 34.Qa2 Bxd2 35.Qxa4 Ra7  0-1

[Event "70th ch-BUL"]
[Site "Svilengrad BUL"]
[Date "2006.03.06"]
[Round "8"]
[White "Panbukchian,V"]
[Black "Janev,E"]
[Result "0-1"]
[WhiteElo "2312"]
[BlackElo "2494"]

1.e4 d6 2.d4 g6 3.Nc3 Bg7 4.Be3 c6 5.Nf3 Qc7 6.a4 Nf6 7.h3 O-O 8.Qc1 Nbd7
9.a5 c5 10.d5 Re8 11.Bb5 a6 12.Ba4 e6 13.O-O exd5 14.exd5 Re7 15.Bh6 b5 16.axb6 Nxb6
17.Bxg7 Kxg7 18.Bc6 Bb7 19.Bxb7 Qxb7 20.Rd1 Qd7 21.Qf4 h6 22.g4 Rd8 23.Rd2 Qb7
24.Rad1 Nc8 25.b3 Rde8 26.Qa4 Nb6 27.Qa1 Nbd7 28.Qa4 Ne5 29.Nh2 g5 30.Ra1 Ng6
31.Nf3 Ne4 32.Nxe4 Rxe4 33.Qxa6 Qe7 34.Rf1 Nf4 35.Kh2 Kh7 36.Qa1 f5 37.gxf5 Qf7
38.Rg1 Nxh3 39.Rg3 g4 40.Nh4 Ng5 41.Kg2 Qh5 42.Qf6 Rg8 43.Rd1 Re2 44.Ra1 Rg7
45.Qd8 Qxh4 46.Ra8 Rxf2+ 47.Kxf2 Ne4+ 48.Ke3 Qxg3+  0-1

[Event "ch-EST w"]
[Site "Tallinn EST"]
[Date "2006.03.06"]
[Round "3"]
[White "Laesson,T"]
[Black "Gansvind,V"]
[Result "0-1"]
[WhiteElo "2222"]
[BlackElo "2247"]

1.e4 g6 2.d4 d6 3.Nc3 Bg7 4.Bc4 Nf6 5.Qe2 O-O 6.e5 Ne8 7.Nf3 c6 8.h3 d5 9.Bd3 Nc7
10.O-O Ne6 11.b4 Qb6 12.Qe3 Qxb4 13.Ne2 Qa5 14.c4 Qd8 15.Nc3 c5 16.Nxd5 Nxd4
17.Ba3 Nbc6 18.Bxc5 Nxf3+ 19.Qxf3 Nxe5 20.Qe2 Re8 21.Rad1 Bd7 22.Bc2 e6 23.Ne3 Qa5
24.Bd4 Bc6 25.Bb3 Rad8 26.Ba1 Qc5 27.Rxd8 Rxd8 28.Rd1 Rxd1+ 29.Qxd1 Nd7 30.Bxg7 Kxg7
31.Nc2 e5 32.Ne3 Qd4 33.Qe1 Nc5 34.Nc2 Qe4 35.f3 Qxe1+ 36.Nxe1 e4 37.fxe4 Bxe4
38.Bd1 Kf6 39.Nf3 Bd3 40.Bb3 a5 41.Nd2 h6 42.Kf2 Ne4+ 43.Nxe4+ Bxe4 44.g3 Ke5
45.Ke3 f5 46.Ba4 g5 47.Be8 f4+ 48.gxf4+ gxf4+ 49.Kf2 Kd4 50.Bf7 b6 51.h4 Bb1
52.a3 Be4 53.h5 Ke5 54.a4 Kf6 55.Be8 Kg5  0-1

[Event "ch-LAT"]
[Site "Riga LAT"]
[Date "2006.03.08"]
[Round "12"]
[White "Tronenkovs,V"]
[Black "Luckans,A"]
[Result "1/2-1/2"]
[WhiteElo "2261"]
[BlackElo "2467"]

1.e4 g6 2.d4 Bg7 3.Nc3 d6 4.f4 Nc6 5.Be3 Nf6 6.Nf3 O-O 7.d5 Nb4 8.a3 Na6
9.Bxa6 bxa6 10.O-O Bb7 11.Qd3 c6 12.dxc6 Bxc6 13.Nd5 Ng4 14.Bd4 e5 15.fxe5 Bxd5
16.exd5 dxe5 17.Bc5 Re8 18.Rae1 Nf6 19.Rxe5 Rxe5 20.Nxe5 Qxd5 21.Qxd5 Nxd5
22.Nd3 Rc8 23.Re1 Bxb2 24.c4 Nf4 25.Nxb2 Rxc5 26.Re7 Ra5 27.a4 Ne6 28.Rxa7 Nc5
29.Kf2 Nxa4 30.Nd3 Nc5 31.Nxc5 Rxc5 32.Rxa6 Rxc4 33.Ra2 Kg7 34.g3 Kf6 35.Kg2 Kg5
36.Ra7 Rc2+ 37.Kf3 Kf6 38.Ra6+ Kg7 39.h4 Rc3+ 40.Kf4 Rc1 41.Kf3 Rf1+ 42.Kg2 Rf6
43.Ra2 Kh6 44.Ra5 Rf5 45.Ra4 Rb5 46.Ra7 Kg7 47.Ra6 Re5 48.Rb6 Re6 49.Rb7 Kf6
50.Kf3 Ra6 51.Kf4 h6 52.Rb5 Ra4+ 53.Kf3 Rd4 54.Ra5 Ke6 55.Rb5 Rd5 56.Rb3 Kf5
57.Ra3 Rb5 58.Rc3 h5 59.Ra3 f6 60.Rc3 Rd5 61.Ra3 Rd4 62.Ra5+ Ke6 63.Ra6+ Ke5
64.Ra5+ Rd5 65.Ra3 Rc5 66.Re3+ Kd4 67.Re4+ Kd5 68.Re8 Rc3+ 69.Kf2 Rc4 70.Kf3 Rg4
71.Re1 f5 72.Re8 f4 73.gxf4 Rxh4 74.Re5+ Kd4 75.Rg5 Rg4  1/2-1/2

[Event "FSGM March"]
[Site "Budapest HUN"]
[Date "2006.03.09"]
[Round "6"]
[White "Ilincic,Z"]
[Black "Vajda,L"]
[Result "1-0"]
[WhiteElo "2545"]
[BlackElo "2526"]

1.d4 g6 2.e4 Bg7 3.Nc3 d6 4.Nf3 Bg4 5.Be3 Nc6 6.Be2 Bxf3 7.Bxf3 e5 8.d5 Nce7
9.g4 Nf6 10.g5 Nd7 11.h4 f5 12.gxf6 Nxf6 13.h5 gxh5 14.Bxh5+ Ng6 15.Bg5 Qd7
16.Bxf6 Bxf6 17.Qf3 O-O 18.Bxg6 hxg6 19.Qg2 Kg7 20.O-O-O Rh8 21.Rhg1 Rh6
22.Rd3 Bh4 23.Ne2 Rf8 24.f3 Kh8 25.Rdd1 Rf6 26.Rh1 Rf7 27.Rdf1 Qe7 28.Kb1 Qg5
29.Qh3 Qe3 30.Nc3 Kg7 31.Qc8 b6 32.Nb5 Rh8 33.Qg4 Rf4 34.Qg2 Qc5 35.Nxa7 Rh5
36.Qe2 Bg3 37.Rxh5 gxh5 38.a3 b5 39.Nxb5 h4 40.Nc3 h3 41.Nd1 Rf6 42.Ne3 Bf4
43.Ng4 Rf8 44.Rh1 Rb8 45.Ka1 Rh8 46.c3 Kf7 47.Qf1 h2 48.Qg2 Ra8 49.Rxh2 Bxh2
50.Qxh2 Rg8 51.Nh6+  1-0

[Event "ch-USA GpB"]
[Site "San Diego USA"]
[Date "2006.03.09"]
[Round "7"]
[White "Milman,L"]
[Black "Sarkar,J"]
[Result "1/2-1/2"]
[WhiteElo "2478"]
[BlackElo "2323"]

1.e4 g6 2.d4 Bg7 3.Nc3 d6 4.Be3 a6 5.Qd2 b5 6.f3 Nd7 7.a4 b4 8.Nd5 a5 9.c3 c6
10.Nf4 bxc3 11.bxc3 e5 12.dxe5 dxe5 13.Nd3 Ba6 14.Nc5 Bxf1 15.Kxf1 Nxc5 16.Qxd8+ Kxd8
17.Bxc5 Nf6 18.Nh3 Nd7 19.Ba3 Bf8 20.Bc1 f6 21.Nf2 Rb8 22.Nd3 Kc7 23.Be3 Rb3
24.Ke2 Ba3 25.Rhb1 Rhb8 26.Rxb3 Rxb3 27.Kd2 c5 28.Kc2 c4 29.Ra2 Nb6 30.Bxb6+ Kxb6
31.Nf2 h5 32.Nd1 Bf8 33.Ne3 Kc5 34.Ra1 Bh6 35.Nd5 f5 36.Ne7 fxe4 37.fxe4 Rb7
38.Nxg6 Rg7 39.Nh4 Rg4 40.g3 Rxe4 41.Rb1 Re2+ 42.Kd1 Rd2+ 43.Ke1 Rxh2 44.Rb5+ Kc6
45.Nf3 Rh1+ 46.Ke2 e4 47.Ne5+ Kc7 48.Nxc4 h4 49.gxh4 Rxh4 50.Rxa5 Rh2+ 51.Kd1 Rh1+
52.Ke2 Rh2+ 53.Kd1 Rh1+ 54.Kc2 Rh2+ 55.Kb3 e3 56.Re5 e2 57.Nb2 Bd2 58.Nd3 Rh3
59.Kc2 Rxd3 60.Rxe2 Rxc3+ 61.Kxd2  1/2-1/2

[Event "XXII Open"]
[Site "Reykjavik ISL"]
[Date "2006.03.10"]
[Round "5"]
[White "Gaponenko,I"]
[Black "Bogza,A"]
[Result "1-0"]
[WhiteElo "2437"]
[BlackElo "2294"]

1.e4 g6 2.d4 Bg7 3.Nc3 d6 4.Be3 Nf6 5.Qd2 Ng4 6.Bg5 h6 7.Bh4 O-O 8.h3 Nf6
9.O-O-O g5 10.Bg3 Nh5 11.Bh2 Nc6 12.g4 Nf4 13.Bxf4 gxf4 14.d5 Nd4 15.Qxf4 c5
16.Nce2 Qa5 17.Kb1 Nb5 18.c3 Qa4 19.Rc1 e6 20.Nf3 f5 21.exf5 Qa5 22.Ng3 exf5
23.g5 hxg5 24.Nxg5 Nxc3+ 25.bxc3 Bxc3 26.Nf3 Bd7 27.Rg1 Qb6+ 28.Kc2 Qb2+
29.Kd1 Bg7 30.Nh5 Rf7 31.Rc2 Qa3 32.Bc4 Ba4 33.Bb3 Bxb3 34.axb3 Qxb3 35.Nd2 Qxd5
36.Rxg7+ Rxg7 37.Nf6+  1-0

[Event "XXII Open"]
[Site "Reykjavik ISL"]
[Date "2006.03.10"]
[Round "5"]
[White "Halldorsson,H"]
[Black "Olafsson,D"]
[Result "1/2-1/2"]
[WhiteElo "2226"]
[BlackElo "2319"]

1.e4 g6 2.d4 Bg7 3.Nc3 d6 4.h3 Nd7 5.Nge2 c5 6.Be3 cxd4 7.Nxd4 Ngf6 8.g4 Nb6
9.Bg2 O-O 10.b3 d5 11.e5 Qc7 12.Nce2 Ne4 13.f4 Nc3 14.Qd2 Nxe2 15.Nxe2 e6
16.O-O Nd7 17.Rac1 Nb6 18.a4 g5 19.f5 Bxe5 20.Bxg5 f6 21.Bh6 Rd8 22.a5 Nd7
23.fxe6 Nf8 24.Nf4 Bxe6 25.Nh5 Nd7 26.g5 f5 27.Rce1 Bf7 28.Nf6+ Nxf6 29.gxf6 Bxf6
30.Rxf5 Bc3 31.Qg5+ Kh8 32.Re7 Qc5+ 33.Kh1 Rg8 34.Qh4 Rxg2 35.Kxg2 Rg8+ 36.Rg5 Bg6
37.Qg3 Bf6 38.Rc7 Qd4 39.Rg4 Qd1 40.Rxg6 Qe2+ 41.Kh1 hxg6 42.Be3 Qf1+ 43.Bg1 Rg7
44.Rxg7 Kxg7 45.Qc7+ Kh6 46.Qg3 a6 47.Qe3+ Kg7 48.Qg3 Qd1 49.Qc7+ Kh6 50.Qf4+ Bg5
51.Qf8+ Kh5 52.Qh8+ Bh6 53.Qe5+ Bg5 54.Qh8+ Bh6 55.Qe5+  1/2-1/2

[Event "ch-BLR"]
[Site "Minsk BLR"]
[Date "2006.03.11"]
[Round "8"]
[White "Fedorov,Alex"]
[Black "Mihajlovskij,S"]
[Result "1-0"]
[WhiteElo "2608"]
[BlackElo "2408"]

1.e4 g6 2.d4 Bg7 3.Nc3 d6 4.Bg5 c6 5.Qd2 Nd7 6.Nf3 Qc7 7.O-O-O e5 8.dxe5 dxe5
9.Bc4 h6 10.Bh4 Ngf6 11.Rhe1 O-O 12.Bb3 Re8 13.Kb1 Nh5 14.Qd6 Qxd6 15.Rxd6 Nc5
16.Bc4 Nf4 17.Bf1 Bg4 18.Ng1 Bf8 19.Rd2 Be6 20.f3 Nd7 21.Nd1 Bc5 22.Bf2 a5
23.Ne3 Nh5 24.Ne2 Nhf6 25.Nc1 Kf8 26.Nd3 Ba7 27.g4 Nc5 28.Nxe5 Nfxe4 29.fxe4 Nxe4
30.Rde2 Nxf2 31.Rxf2 Bd5 32.Nd7+ Kg7 33.Rfe2 Be4 34.Nc4  1-0

[Event "XXII Open"]
[Site "Reykjavik ISL"]
[Date "2006.03.11"]
[Round "6"]
[White "Kjartansson,G"]
[Black "Hagesaether,E"]
[Result "1-0"]
[WhiteElo "2287"]
[BlackElo "2202"]

1.e4 d6 2.d4 g6 3.Nc3 Bg7 4.f4 a6 5.Nf3 b5 6.e5 Bb7 7.Bd3 Nd7 8.Qe2 e6 9.a4 b4
10.Ne4 Bxe4 11.Bxe4 d5 12.Bd3 Qc8 13.Bd2 Bf8 14.c4 bxc3 15.bxc3 c5 16.O-O Ne7
17.g4 c4 18.Bc2 a5 19.Bc1 Qc6 20.Ba3 Nc8 21.f5 Bxa3 22.Rxa3 gxf5 23.gxf5 Rg8+
24.Kh1 Ne7 25.fxe6 Qxe6 26.Nh4 O-O-O 27.Nf5 Nxf5 28.Bxf5 Qc6 29.Ra2 Rg5 30.Bh3 Rdg8
31.Rb2 Qg6 32.Qe3 Kc7 33.Bxd7 Kxd7 34.Rb7+ Ke8 35.Rb8+ Ke7 36.Rxg8 Qxg8 37.Qf3 f5
38.exf6+ Kf7 39.Qe3 Kg6 40.Qxg5+  1-0

[Event "TCh-BEL 2005-6"]
[Site "Belgium BEL"]
[Date "2006.03.12"]
[Round "10"]
[White "Tolk,P"]
[Black "Schalkx,J"]
[Result "1-0"]
[WhiteElo "2230"]
[BlackElo "2274"]

1.d4 d6 2.e4 g6 3.Nc3 Bg7 4.Be3 Nc6 5.Qd2 a6 6.a4 Nf6 7.f3 O-O 8.Bc4 Bd7
9.Nge2 Na5 10.Bd3 Nc6 11.Nd5 e6 12.Nxf6+ Bxf6 13.O-O Bg7 14.g4 Qe7 15.a5 d5
16.c3 dxe4 17.fxe4 Qh4 18.g5 Ne7 19.Rf3 Bc6 20.Bf2 Qh5 21.Rg3 e5 22.Rg2 f5
23.gxf6 Bxf6 24.Ng3 Qh3 25.dxe5 Bxe5 26.Bd4 Bxd4+ 27.cxd4 Bb5 28.Ra3 Qd7
29.d5 Qd6 30.Qe3 Qe5 31.Bxb5 axb5 32.Qc3 Qd6 33.b4 Rf7 34.Rc2 c6 35.Qc5 Qxc5+
36.Rxc5 Rd8 37.a6 bxa6 38.dxc6 Rd1+ 39.Kg2 Rd2+ 40.Kh3 Rff2 41.c7 h5 42.Kh4 Kg7
43.Kg5 Rf8 44.Rxa6 Rxh2 45.Re5 Ng8 46.Rxg6+ Kh7 47.Rf5  1-0

[Event "US Masters"]
[Site "Hendersonville USA"]
[Date "2006.03.12"]
[Round "4"]
[White "Smith,Bry"]
[Black "Sarkar,J"]
[Result "0-1"]
[WhiteElo "2379"]
[BlackElo "2323"]

1.e4 g6 2.d4 Bg7 3.Nc3 d6 4.Bg5 a6 5.Nf3 Nd7 6.a4 h6 7.Bh4 b6 8.Bc4 Bb7 9.O-O g5
10.Bxg5 hxg5 11.Bxf7+ Kxf7 12.Nxg5+ Ke8 13.Ne6 Qc8 14.Qg4 Rh6 15.Nxg7+ Kf7
16.Nf5 Rg6 17.Qe2 Ndf6 18.f3 e6 19.Ne3 Ne7 20.Qc4 Qd7 21.Ne2 Rh8 22.h3 d5
23.exd5 Nexd5 24.Ng4 Nxg4 25.fxg4+ Kg7 26.Nf4 Rf6 27.Nh5+ Rxh5 28.Rxf6 Rxh3
29.gxh3 Nxf6 30.Re1 Ne4 31.Qd3 Ng5 32.d5 Bxd5 33.Qd4+ Kg8 34.Re3 Qf7 35.c4 Nf3+
36.Rxf3 Bxf3 37.Qd8+ Qf8 38.Qg5+ Kf7 39.b4 Ke8 40.c5 bxc5 41.bxc5 Kd7 42.Qd2+ Bd5
43.Kh2 Qxc5 44.Kg3 Qd6+ 45.Kh4 e5 46.g5 e4 47.Qd4 Qe6 48.Qg7+ Qe7 49.Qd4 c6
50.Qa7+ Kd6 51.Qe3 Qf7 52.Qg3+ Kc5 53.g6 Qf6+  0-1

[Event "XXII Open"]
[Site "Reykjavik ISL"]
[Date "2006.03.14"]
[Round "9"]
[White "Gaponenko,I"]
[Black "Hillarp Persson,T"]
[Result "1/2-1/2"]
[WhiteElo "2437"]
[BlackElo "2548"]

1.e4 g6 2.d4 Bg7 3.Nc3 d6 4.Be3 a6 5.Qd2 Nd7 6.h4 h6 7.f3 b5 8.O-O-O Bb7
9.Nh3 e6 10.Nf2 Ne7 11.g4 d5 12.Nd3 c5 13.Nxc5 Nxc5 14.dxc5 Qa5 15.Bd4 e5
16.Bf2 O-O-O 17.Nxd5 Qxa2 18.c4 Nc6 19.Qc3 b4 20.Qc2 a5 21.Bd3 a4 22.Qxa4  1/2-1/2

[Event "XXII Open"]
[Site "Reykjavik ISL"]
[Date "2006.03.14"]
[Round "9"]
[White "Gara,T"]
[Black "Timman,J"]
[Result "1/2-1/2"]
[WhiteElo "2265"]
[BlackElo "2630"]

1.e4 g6 2.d4 Bg7 3.Nc3 d6 4.f4 Nf6 5.Nf3 O-O 6.Bd3 Nbd7 7.e5 Ne8 8.Ne4 c5
9.c3 cxd4 10.cxd4 Nb8 11.O-O Nc6 12.Be3 Nc7 13.Nc3 Bh6 14.Qe2 Bg4 15.Rad1 Nb4
16.Be4 d5 17.Bb1 f5 18.a3 Nc6 19.Ba2 e6 20.b4 Rf7 21.h3 Bxf3 22.Qxf3 Qd7
23.Rf2 Ne7 24.Rb2 b5 25.Qe2 Nc8 26.Rbb1 Nb6 27.Qf3 Bf8 28.Qe2 a5 29.g4 Nc4
30.Bxc4 bxc4 31.bxa5 Rxa5 32.a4 Na6 33.Bd2 fxg4 34.Ne4 Rxa4 35.Nf6+ Rxf6
36.exf6 gxh3 37.Qg4 Qf7 38.Rb6 Nc5 39.Qxh3 Qxf6 40.dxc5 Bxc5+ 41.Be3 Bxb6
42.Bxb6 c3 43.Be3 d4 44.Bc1 Qf5 45.Qh4  1/2-1/2

[Event "Victor Ciocaltea Mem"]
[Site "Bucharest ROM"]
[Date "2006.03.16"]
[Round "9"]
[White "Murariu,A"]
[Black "Pap,M"]
[Result "0-1"]
[WhiteElo "2461"]
[BlackElo "2402"]

1.e4 g6 2.d4 Bg7 3.Nc3 d6 4.Nf3 Nf6 5.Be2 O-O 6.O-O c5 7.d5 Na6 8.h3 Nc7
9.Bf4 b5 10.e5 dxe5 11.Nxe5 b4 12.Nc6 Qd7 13.Bxc7 Qxc7 14.Nb5 Qb7 15.a3 a6
16.axb4 axb5 17.Rxa8 Qxa8 18.bxc5 Re8 19.Bxb5 Bd7 20.c4 e6 21.Qf3 exd5 22.cxd5 Qa2
23.d6 Qxb2 24.Ne7+ Rxe7 25.Bxd7 Rxd7 26.Qa8+ Bf8 27.c6 Qb6 28.cxd7 Nxd7 29.Rd1 Qb3
30.Rd4 Qb1+ 31.Kh2 Qb2 32.Re4 Qxf2 33.Qc8 Qd2 34.Re8 Qxd6+ 35.Kh1 Nb6 36.Qa6 h5
37.Re1 Qb4 38.Rf1 Qc4 39.Qa1 Nd5 40.Rd1 Ne3 41.Rd8 Qe4 42.Qb2 h4 43.Kg1 Nf5
44.Qa1 Qe3+ 45.Kh2 Qf4+ 46.Kg1 Ng7 47.Kh1 Ne6 48.Ra8 Qd4 49.Qe1 Kg7 50.Ra1 Bd6
51.Ra8 Qf4 52.Qg1 Ng5 53.Re8 Be5  0-1

[Event "2nd Bundesliga West 2005-6"]
[Site "Austria AUT"]
[Date "2006.03.17"]
[Round "9"]
[White "Endthaler,A"]
[Black "Maux,M"]
[Result "1/2-1/2"]
[WhiteElo "2056"]
[BlackElo "2118"]

1.e4 g6 2.d4 d6 3.Nc3 Bg7 4.Be3 a6 5.Bc4 Nf6 6.f3 Nbd7 7.Qd2 b5 8.Bb3 c5
9.e5 c4 10.exf6 Nxf6 11.Nge2 cxb3 12.axb3  1/2-1/2

[Event "66th ch-ARM"]
[Site "Yerevan ARM"]
[Date "2006.03.17"]
[Round "2"]
[White "Pashikian,A"]
[Black "Minasian,Art"]
[Result "1/2-1/2"]
[WhiteElo "2472"]
[BlackElo "2574"]

1.e4 g6 2.d4 Bg7 3.Nc3 d6 4.f4 Nf6 5.Nf3 O-O 6.Bd3 Na6 7.O-O c5 8.d5 Bg4
9.Bc4 Nc7 10.h3 Bxf3 11.Qxf3 a6 12.a4 Rb8 13.a5 b5 14.axb6 Rxb6 15.Qd3 e6
16.dxe6 fxe6 17.Be3 Qe7 18.Rad1 Nd7 19.e5 d5 20.Bxd5 exd5 21.Nxd5 Nxd5 22.Qxd5+ Rf7
23.f5 Bxe5 24.fxg6 hxg6 25.Rxf7 Qxf7 26.Qxf7+ Kxf7 27.Rxd7+ Ke6 28.Ra7 Rxb2  1/2-1/2

[Event "2nd Bundesliga West 2005-6"]
[Site "Austria AUT"]
[Date "2006.03.18"]
[Round "10"]
[White "Bertagnolli,A"]
[Black "Kroell,J"]
[Result "1-0"]
[WhiteElo "2281"]
[BlackElo "2176"]

1.d4 g6 2.e4 Bg7 3.Nc3 d6 4.Be3 Nd7 5.Qd2 a6 6.h4 h5 7.Nf3 Ngf6 8.Bc4 e6
9.e5 Ng8 10.O-O-O b5 11.Bd3 d5 12.Rh3 Nb6 13.Bg5 Qd7 14.Rg1 Bb7 15.g4 Bf8
16.gxh5 Rxh5 17.Ne2 Nc4 18.Qd1 Ne7 19.Nf4 Rh8 20.Bf6 Bh6 21.Bxh8 Bxf4+ 22.Kb1 O-O-O
23.Bf6 Re8 24.h5 gxh5 25.Rh4 Bh6 26.Rxh5 Bf8 27.Rh8 c5 28.Ng5 Nc6 29.Nxf7 Be7
30.Rxe8+ Qxe8 31.Nh6 Qd7 32.Rg7  1-0

[Event "TCh-HUN 2005-6"]
[Site "Hungary HUN"]
[Date "2006.03.19"]
[Round "9"]
[White "Mihalko,J"]
[Black "Mester,G"]
[Result "1/2-1/2"]
[WhiteElo "2303"]
[BlackElo "2420"]

1.e4 g6 2.d4 Bg7 3.Nc3 d6 4.h3 Nf6 5.Be3 a6 6.a4 O-O 7.g4 d5 8.e5 Ne4 9.Nxe4 dxe4
10.Bg2 f5 11.gxf5 Bxf5 12.Ne2 c5 13.c3 Qd5 14.Nf4 Qf7 15.e6 Bxe6 16.Nxe6 Qxe6
17.dxc5 Nd7 18.Qg4 Qxg4 19.hxg4 Rac8 20.Bxe4 Nxc5 21.Bd5+ Kh8 22.O-O-O Be5
23.Rh3 e6 24.Bxc5 Rxc5 25.Bxe6 Rc7 26.f3 Rf4 27.Rd8+ Kg7 28.g5 Rf8 29.Rxh7+ Kxh7
30.Rxf8 Kg7 31.Rg8+ Kh7 32.Rc8 Re7 33.Bd5 Bf4+ 34.Kc2 Re2+ 35.Kd3 Rxb2 36.Rf8 Rd2+
37.Ke4 Bxg5 38.Bxb7 Ra2 39.Bc6 Ra3 40.c4 Rc3 41.Kd4 Kg7 42.Ra8 Bf6+ 43.Kc5 Be7+
44.Kd5 Rxf3 45.Rxa6 g5 46.Ke6 Re3+ 47.Kf5 Re1 48.Ra7 Rf1+ 49.Ke5 Re1+ 50.Be4 Kf8
51.Rb7 g4 52.Rb2 g3 53.Kd5 Ra1 54.Rg2 Ra3 55.c5 Rxa4 56.Rxg3 Bxc5  1/2-1/2